| 000 | 00522nam a2200181Ia 4500 | ||
|---|---|---|---|
| 005 | 20250423101749.0 | ||
| 008 | 250422s9999 xx 000 0 und d | ||
| 020 | _a9780061137860 | ||
| 050 | _aPZ 7.C 8683 .P68/ | ||
| 100 | _aPotter, Christopher. | ||
| 245 | 0 | _aYou are here: a portable history of the universe | |
| 260 | _aNew york | ||
| 260 | _bGreenwillow Books | ||
| 260 | _c1998 | ||
| 300 | _a294 p | ||
| 650 | _aImagination--Fiction. Voyages and travels--Fiction. African Americans--Fiction. | ||
| 942 | _cBK | ||
| 999 |
_c37209 _d37209 |
||